Keganasan menurut perspektif agama Yahudi, Kristian & Islam (Record no. 78702)

MARC details
000 -LEADER
fixed length control field 00718nam a2200241 i 4500
001 - CONTROL NUMBER
control field C2-0270146
003 - CONTROL NUMBER IDENTIFIER
control field PPAK
005 - DATE AND TIME OF LATEST TRANSACTION
control field 20180728000605.0
008 - FIXED-LENGTH DATA ELEMENTS--GENERAL INFORMATION
fixed length control field 060809s2005 my |||| ||||| | may d
020 ## - INTERNATIONAL STANDARD BOOK NUMBER
International Standard Book Number 9830996123
040 ## - CATALOGING SOURCE
Original cataloging agency PPAK
Language of cataloging eng
Transcribing agency PPAK
Description conventions rda
082 04 - DEWEY DECIMAL CLASSIFICATION NUMBER
Classification number 297.28
Edition number 23
090 00 - LOCALLY ASSIGNED LC-TYPE CALL NUMBER (OCLC); LOCAL CALL NUMBER (RLIN)
Classification number (OCLC) (R) ; Classification number, CALL (RLIN) (NR) 297.28
Feature heading ABU
Feature heading G
100 1# - MAIN ENTRY--PERSONAL NAME
Personal name Abu Gundah, Zaki Ali al-Sayyid,
Relator term author
245 10 - TITLE STATEMENT
Title Keganasan menurut perspektif agama Yahudi, Kristian & Islam
264 #1 - PRODUCTION, PUBLICATION, DISTRIBUTION, MANUFACTURE, AND COPYRIGHT NOTICE
Place of production, publication, distribution, manufacture Kuala Lumpur :
Name of producer, publisher, distributor, manufacturer Al-Hidayah Publishers ,
Date of production, publication, distribution, manufacture, or copyright notice 2005
300 ## - PHYSICAL DESCRIPTION
Extent xx, 412 pages ;
Dimensions 22 cm
336 ## - CONTENT TYPE
Source rdacontent
Content type term text
337 ## - MEDIA TYPE
Source rdamedia
Media type term unmediated
338 ## - CARRIER TYPE
Source rdacarrier
Carrier type term volume
650 10 - SUBJECT ADDED ENTRY--TOPICAL TERM
Topical term or geographic name entry element Terrorism - Religious aspects - Islam.
942 ## - ADDED ENTRY ELEMENTS (KOHA)
-- dc
Koha item type Book
Holdings
Withdrawn Not for loan Current library Shelving location Date acquired Total Checkouts Total Renewals Full call number Barcode Date last seen Date last checked out Koha item type
    Perpustakaan Alor Setar Pinjaman Dewasa 17/07/2007 2 1 297.28 ABU A01190736 02/01/2020 31/12/2019 Book
    Perpustakaan Awam Sungai Petani Pinjaman Dewasa 17/07/2007     297.28 ABU A01190737 09/05/2018   Book
    Perpustakaan Baling Pinjaman Dewasa 17/07/2007     297.28 ABU A01190740 09/05/2018   Book
    Perpustakaan Bandar Baharu Pinjaman Dewasa 17/07/2007     297.28 ABU A01190741 09/05/2018   Book
    Perpustakaan Jitra Pinjaman Dewasa 17/07/2007 1   297.28 ABU A01190738 28/06/2022 07/06/2022 Book
    Perpustakaan Kulim Pinjaman Dewasa 17/07/2007     297.28 ABU A01190739 09/05/2018   Book
    Perpustakaan Langkawi Pinjaman Dewasa 17/07/2007     297.28 ABU A01190742 09/05/2018   Book